Statistics for World Capital Bullseye #13

Click here to take the quiz!

General Stats

  • This quiz has been taken 66 times
  • The average score is 19 of 27

Answer Stats

Capital City % Correct
Panama City
89%
Havana
89%
Washington
88%
Bogota
88%
San Jose
86%
Quito
84%
San Salvador
84%
Kingston
82%
Port-au-Prince
82%
Caracas
81%
Ottawa
81%
Lima
79%
Santiago
77%
Santo Domingo
77%
Nassau
75%
Guatemala City
74%
MANAGUA
74%
Tegucigalpa
72%
Belmopan
72%
Saint George's
63%
Wellington
60%
Basseterre
54%
Apia
53%
Suva
47%
Reykjavik
44%
Nuku'alofa
42%
Funafuti
39%

Score Distribution

Percentile by Number Answered

Percent of People with Each Score

Your Score History

You have not taken this quiz